<?xml version="1.0" encoding="UTF-8"?>
<record
    xmlns:xsi="http://www.w3.org/2001/XMLSchema-instance"
    xsi:schemaLocation="http://www.loc.gov/MARC21/slim http://www.loc.gov/standards/marcxml/schema/MARC21slim.xsd"
    xmlns="http://www.loc.gov/MARC21/slim">

  <leader>03614nkc a22003737a 4500</leader>
  <controlfield tag="001">85863</controlfield>
  <controlfield tag="005">20260430112550.0</controlfield>
  <controlfield tag="007">kh boc</controlfield>
  <controlfield tag="008">260430s1915    sp ||||| |||| |0| i|spa d</controlfield>
  <datafield tag="040" ind1=" " ind2=" ">
    <subfield code="a">M-RABA</subfield>
    <subfield code="b">spa</subfield>
    <subfield code="c">M-RABA</subfield>
  </datafield>
  <datafield tag="100" ind1="1" ind2=" ">
    <subfield code="a">Roig Villalonga, Juana (</subfield>
    <subfield code="d">1877-1941)</subfield>
    <subfield code="9">42535</subfield>
  </datafield>
  <datafield tag="245" ind1="1" ind2="1">
    <subfield code="a">[Catedral de Pamplona</subfield>
    <subfield code="b">: cofres y puerta del claustro]</subfield>
    <subfield code="c">/ J. Roig</subfield>
    <subfield code="h">[Material gr&#xE1;fico]</subfield>
  </datafield>
  <datafield tag="260" ind1=" " ind2=" ">
    <subfield code="a">: Madrid</subfield>
    <subfield code="b">: J. Roig</subfield>
    <subfield code="c">[ca. 1915]</subfield>
  </datafield>
  <datafield tag="300" ind1=" " ind2=" ">
    <subfield code="a">7 fotograf&#xED;as</subfield>
    <subfield code="b">: aristotipo</subfield>
    <subfield code="c">, imagen 23 x 16 cm (medidas m&#xE1;ximas)</subfield>
    <subfield code="c">, imagen 9,5 x 14,5 cm (medidas m&#xED;nimas)</subfield>
    <subfield code="c">, soporte secundario 10,5 x 16,5 cm (medidas m&#xED;nimas)</subfield>
  </datafield>
  <datafield tag="500" ind1="0" ind2="0">
    <subfield code="a">Conjunto de 7 fotograf&#xED;as que representan la portada de la Catedral de Pamplona y diferentes cofres de estilo persa-&#xE1;rabe conservados en ella.</subfield>
  </datafield>
  <datafield tag="500" ind1="0" ind2="0">
    <subfield code="a">Fot-829, Fot-830 y Fot-831 presentan un papel de acabado brillante y un soporte secundario de cart&#xF3;n, montadas al estilo carte de visite. El resto de fotograf&#xED;as, en papel de acabado mate y de mayores dimensiones, no presentan soporte secundario.</subfield>
  </datafield>
  <datafield tag="500" ind1="0" ind2="0">
    <subfield code="a">Anotaciones manuscritas a l&#xE1;piz al verso de las im&#xE1;genes:
Fot-829: "Cofre estilo persa-&#xE1;rabe del siglo XI perteneciente a la Catedral de Pamplona".
Fot-830: "Cofre estilo persa-&#xE1;rabe del siglo XI perteneciente a la Catedral de Pamplona".
Fot-831: "Cofre estilo persa-&#xE1;rabe del siglo XI perteneciente a la Catedral de Pamplona".
Fot-832: "2 cofres persa-&#xE1;rabe del siglo XI de la Catedral de Pamplona".
Fot-833: "Estudiar, puede ser de San Lomme de Tournay"
Fot-834: "Pamplona Catedral".
Fot-835: no presenta anotaciones.</subfield>
  </datafield>
  <datafield tag="500" ind1="0" ind2="0">
    <subfield code="a">La Fot-832, Fot-833; Fot-834 y Fot-835 presentan un sello a tinta al verso de la fot&#xF3;grafa: J. Roig, encargada del estudio de J. Laurente entre los a&#xF1;os 1915 y 1930.
Fecha de las fotograf&#xED;as tomada de la &#xE9;poca en activo de J. Roig.</subfield>
  </datafield>
  <datafield tag="500" ind1="0" ind2="0">
    <subfield code="a">Fot-833: original conservado en IPCE del fot&#xF3;grafo J. Laurent. N&#xBA; inventario: VN-01137
Fot-834: original conservado en IPCE del fot&#xF3;grafo J. Laurent. N&#xBA; inventario: VN-01136.
Fot-835: original conservado en IPCE del fot&#xF3;grafo J. Laurent. N&#xBA; inventario: VN-01139.</subfield>
  </datafield>
  <datafield tag="610" ind1="2" ind2="7">
    <subfield code="a">Catedral de Pamplona (</subfield>
    <subfield code="c">Espa&#xF1;a)</subfield>
    <subfield code="9">71389</subfield>
  </datafield>
  <datafield tag="651" ind1=" " ind2="7">
    <subfield code="a">Pamplona (Espa&#xF1;a)</subfield>
    <subfield code="9">75331</subfield>
  </datafield>
  <datafield tag="655" ind1=" " ind2="0">
    <subfield code="a">Fotograf&#xED;as de monumentos</subfield>
    <subfield code="9">111580</subfield>
  </datafield>
  <datafield tag="655" ind1=" " ind2="7">
    <subfield code="a">Fotograf&#xED;as de obras de arte</subfield>
    <subfield code="9">75675</subfield>
  </datafield>
  <datafield tag="700" ind1="1" ind2=" ">
    <subfield code="a">Laurent, J. (</subfield>
    <subfield code="d">1816-1886)</subfield>
    <subfield code="9">55737</subfield>
  </datafield>
  <datafield tag="852" ind1=" " ind2=" ">
    <subfield code="j">Fot-829; Fot-830; Fot-831; Fot-832; Fot-833; Fot-834; Fot-835</subfield>
  </datafield>
  <datafield tag="856" ind1=" " ind2=" ">
    <subfield code="u">https://archivoybiblioteca.realacademiabellasartessanfernando.com/cgi-bin/koha/opac-retrieve-file.pl?id=bc92291f4fb5cb22cb26d111b084817f</subfield>
    <subfield code="y">Fot-829</subfield>
  </datafield>
  <datafield tag="856" ind1=" " ind2=" ">
    <subfield code="u">https://archivoybiblioteca.realacademiabellasartessanfernando.com/cgi-bin/koha/opac-retrieve-file.pl?id=b1f0a028fc130e8e21f9fc9215ca39d5</subfield>
    <subfield code="y">Fot-830</subfield>
  </datafield>
  <datafield tag="856" ind1=" " ind2=" ">
    <subfield code="u">https://archivoybiblioteca.realacademiabellasartessanfernando.com/cgi-bin/koha/opac-retrieve-file.pl?id=21cc8cbd2d393aa2f45c3596092535b9</subfield>
    <subfield code="y">Fot-831</subfield>
  </datafield>
  <datafield tag="856" ind1=" " ind2=" ">
    <subfield code="u">https://archivoybiblioteca.realacademiabellasartessanfernando.com/cgi-bin/koha/opac-retrieve-file.pl?id=43e0f76fec8726e6ee5ecfa35f51c512</subfield>
    <subfield code="y">Fot-832</subfield>
  </datafield>
  <datafield tag="856" ind1=" " ind2=" ">
    <subfield code="u">https://archivoybiblioteca.realacademiabellasartessanfernando.com/cgi-bin/koha/opac-retrieve-file.pl?id=85a05a8be873f1af00c7b076a034ba9a</subfield>
    <subfield code="y">Fot-833</subfield>
  </datafield>
  <datafield tag="856" ind1=" " ind2=" ">
    <subfield code="u">https://archivoybiblioteca.realacademiabellasartessanfernando.com/cgi-bin/koha/opac-retrieve-file.pl?id=effcee2227130592e9f524786ced5641</subfield>
    <subfield code="y">Fot-834</subfield>
  </datafield>
  <datafield tag="856" ind1=" " ind2=" ">
    <subfield code="u">https://archivoybiblioteca.realacademiabellasartessanfernando.com/cgi-bin/koha/opac-retrieve-file.pl?id=9840665245f742f0d0dfd04aebdee219</subfield>
    <subfield code="y">Fot-835</subfield>
  </datafield>
  <datafield tag="942" ind1=" " ind2=" ">
    <subfield code="c">FOTOGRAF&#xCD;A</subfield>
    <subfield code="n">0</subfield>
  </datafield>
  <datafield tag="952" ind1=" " ind2=" ">
    <subfield code="0">0</subfield>
    <subfield code="1">0</subfield>
    <subfield code="2">ddc</subfield>
    <subfield code="4">0</subfield>
    <subfield code="7">0</subfield>
    <subfield code="8">FOTOGRAFIA</subfield>
    <subfield code="a">RABASF</subfield>
    <subfield code="b">RABASF</subfield>
    <subfield code="c">DP2</subfield>
    <subfield code="d">2026-04-30</subfield>
    <subfield code="l">0</subfield>
    <subfield code="o">Fot-829</subfield>
    <subfield code="p">1097168</subfield>
    <subfield code="r">2026-04-30 11:26:03</subfield>
    <subfield code="w">2026-04-30</subfield>
    <subfield code="y">FOTOGRAF&#xCD;A</subfield>
  </datafield>
  <datafield tag="952" ind1=" " ind2=" ">
    <subfield code="0">0</subfield>
    <subfield code="1">0</subfield>
    <subfield code="2">ddc</subfield>
    <subfield code="4">0</subfield>
    <subfield code="7">0</subfield>
    <subfield code="8">FOTOGRAFIA</subfield>
    <subfield code="a">RABASF</subfield>
    <subfield code="b">RABASF</subfield>
    <subfield code="c">DP2</subfield>
    <subfield code="d">2026-04-30</subfield>
    <subfield code="l">0</subfield>
    <subfield code="o">Fot-830</subfield>
    <subfield code="p">1097169</subfield>
    <subfield code="r">2026-04-30 11:26:03</subfield>
    <subfield code="w">2026-04-30</subfield>
    <subfield code="y">FOTOGRAF&#xCD;A</subfield>
  </datafield>
  <datafield tag="952" ind1=" " ind2=" ">
    <subfield code="0">0</subfield>
    <subfield code="1">0</subfield>
    <subfield code="2">ddc</subfield>
    <subfield code="4">0</subfield>
    <subfield code="7">0</subfield>
    <subfield code="8">FOTOGRAFIA</subfield>
    <subfield code="a">RABASF</subfield>
    <subfield code="b">RABASF</subfield>
    <subfield code="c">DP2</subfield>
    <subfield code="d">2026-04-30</subfield>
    <subfield code="l">0</subfield>
    <subfield code="o">Fot-831</subfield>
    <subfield code="p">1097170</subfield>
    <subfield code="r">2026-04-30 11:26:03</subfield>
    <subfield code="w">2026-04-30</subfield>
    <subfield code="y">FOTOGRAF&#xCD;A</subfield>
  </datafield>
  <datafield tag="952" ind1=" " ind2=" ">
    <subfield code="0">0</subfield>
    <subfield code="1">0</subfield>
    <subfield code="2">ddc</subfield>
    <subfield code="4">0</subfield>
    <subfield code="7">0</subfield>
    <subfield code="8">FOTOGRAFIA</subfield>
    <subfield code="a">RABASF</subfield>
    <subfield code="b">RABASF</subfield>
    <subfield code="c">DP2</subfield>
    <subfield code="d">2026-04-30</subfield>
    <subfield code="l">0</subfield>
    <subfield code="o">Fot-832</subfield>
    <subfield code="p">1097171</subfield>
    <subfield code="r">2026-04-30 11:26:03</subfield>
    <subfield code="w">2026-04-30</subfield>
    <subfield code="y">FOTOGRAF&#xCD;A</subfield>
  </datafield>
  <datafield tag="952" ind1=" " ind2=" ">
    <subfield code="0">0</subfield>
    <subfield code="1">0</subfield>
    <subfield code="2">ddc</subfield>
    <subfield code="4">0</subfield>
    <subfield code="7">0</subfield>
    <subfield code="8">FOTOGRAFIA</subfield>
    <subfield code="a">RABASF</subfield>
    <subfield code="b">RABASF</subfield>
    <subfield code="c">DP2</subfield>
    <subfield code="d">2026-04-30</subfield>
    <subfield code="l">0</subfield>
    <subfield code="o">Fot-833</subfield>
    <subfield code="p">1097172</subfield>
    <subfield code="r">2026-04-30 11:26:03</subfield>
    <subfield code="w">2026-04-30</subfield>
    <subfield code="y">FOTOGRAF&#xCD;A</subfield>
  </datafield>
  <datafield tag="952" ind1=" " ind2=" ">
    <subfield code="0">0</subfield>
    <subfield code="1">0</subfield>
    <subfield code="2">ddc</subfield>
    <subfield code="4">0</subfield>
    <subfield code="7">0</subfield>
    <subfield code="8">FOTOGRAFIA</subfield>
    <subfield code="a">RABASF</subfield>
    <subfield code="b">RABASF</subfield>
    <subfield code="c">DP2</subfield>
    <subfield code="d">2026-04-30</subfield>
    <subfield code="l">0</subfield>
    <subfield code="o">Fot-834</subfield>
    <subfield code="p">1097173</subfield>
    <subfield code="r">2026-04-30 11:26:03</subfield>
    <subfield code="w">2026-04-30</subfield>
    <subfield code="y">FOTOGRAF&#xCD;A</subfield>
  </datafield>
  <datafield tag="952" ind1=" " ind2=" ">
    <subfield code="0">0</subfield>
    <subfield code="1">0</subfield>
    <subfield code="2">ddc</subfield>
    <subfield code="4">0</subfield>
    <subfield code="7">0</subfield>
    <subfield code="8">FOTOGRAFIA</subfield>
    <subfield code="a">RABASF</subfield>
    <subfield code="b">RABASF</subfield>
    <subfield code="c">DP2</subfield>
    <subfield code="d">2026-04-30</subfield>
    <subfield code="l">0</subfield>
    <subfield code="o">Fot-835</subfield>
    <subfield code="p">1097174</subfield>
    <subfield code="r">2026-04-30 11:26:03</subfield>
    <subfield code="w">2026-04-30</subfield>
    <subfield code="y">FOTOGRAF&#xCD;A</subfield>
  </datafield>
  <datafield tag="999" ind1=" " ind2=" ">
    <subfield code="c">85863</subfield>
    <subfield code="d">85863</subfield>
  </datafield>
</record>
